000 00324nam a2200133Ia 4500
008 191201s2012 xx 000 0 und d
082 _a005.3
_bBUM
100 _aBUSBY, Michael
245 0 _aLearn microsoft office 2000
250 _aRep
260 _c2012
_bBPB Publication
_aNEW DELHI
300 _a637
942 _2ddc
_cBK
_07
999 _c7796
_d7796